000 01250cam a2200325 a 4500
999 _c234707
_d234707
001 2156183
003 Nust
005 20170329155120.0
008 990107s1999 nyu 000 1 eng
010 _a 99012079
020 _a9780446608954
040 _aDLC
_cDLC
_dDLC
043 _an-us-nc
050 0 0 _aPS3569.P363
_bW35 1999
082 0 0 _a813.54
_bSPA
100 1 _aSparks, Nicholas.
245 1 2 _aA walk to remember /
_cNicholas Sparks.
260 _aNew York, NY :
_bWarner Books,
_c1999.
300 _axi, 240 p. ;
_c20 cm.
650 0 _aChildren of clergy
_vFiction.
650 0 _aTeenage boys
_vFiction.
651 0 _aBeaufort (N.C.)
_vFiction.
655 7 _aBildungsromane.
_2gsafd
655 7 _aLove stories.
_2gsafd
856 4 2 _3Publisher description
_uhttp://www.loc.gov/catdir/enhancements/fy0914/99012079-d.html
856 4 2 _3Contributor biographical information
_uhttp://www.loc.gov/catdir/enhancements/fy1414/99012079-b.html
906 _a7
_bcbc
_corignew
_d1
_eocip
_f19
_gy-gencatlg
942 _2ddc
_cBK